000 00386nam a2200133Ia 4500
008 220217s9999||||xx |||||||||||||| ||und||
020 _a81-203-0651-1
082 _a621.395 FLE
100 _aFletcher, William I
245 0 _aEngineering approach to digital design
260 _aNew Delhi
_bPrintice hall of India
_c2001
300 _b250
650 _aDIGITAL DESIGN/LOGIC DESIGN
999 _c167958
_d167958